| 000 | 00593nam a2200181Ia 4500 | ||
|---|---|---|---|
| 008 | 151018s9999 xx 000 0 und d | ||
| 082 |
_bRBASDV6256 _a954 |
||
| 100 | _aदि रा मंकेकर | ||
| 245 | _aसातवे सोनेरी पान | ||
| 250 | _b1 | ||
| 260 |
_bकेशरी प्रकाशन _c1966 |
||
| 300 | _a147 | ||
| 600 | _aदि रा मंकेकर | ||
| 630 | _aसातवे सोनेरी पान | ||
| 700 | _aदि रा मंकेकर | ||
| 730 | _aसातवे सोनेरी पान | ||
| 942 | _cBOOK | ||
| 999 |
_c1008634 _d1008631 |
||